[Event "Prva liga Centralne Srbije 2007"]
[Site "?"]
[Date "2007.09.08"]
[Round "1.1"]
[White "Kojovic, Dragan"]
[Black "Zenunovic, Hafiz"]
[Result "1-0"]
[WhiteElo "2407"]
[BlackElo "2043"]
[PlyCount "37"]
[EventDate "2007.09.13"]

1. e4 e5 2. Nc3 Nc6 3. Bc4 Nf6 4. d3 Bb4 5. Bg5 d6 6. Nge2 Bd7 7. a3 Bxc3+ 8.
Nxc3 h6 9. Bh4 Qe7 10. Nd5 Qd8 11. Nxf6+ gxf6 12. O-O Rg8 13. f4 Bg4 14. Qd2
Rg6 15. Kh1 Qe7 16. f5 Rg5 17. Bxg5 fxg5 18. h3 Bh5 19. g4 1-0

[Event "Prva liga Centralne Srbije 2007"]
[Site "?"]
[Date "2007.09.08"]
[Round "1.1"]
[White "Rabrenovic, Vladan"]
[Black "Djakovac, Enes"]
[Result "1-0"]
[WhiteElo "2312"]
[BlackElo "2237"]
[PlyCount "65"]
[EventDate "2007.09.13"]

1. d4 d5 2. c4 c6 3. Nf3 Nf6 4. Qc2 Bg4 5. Ne5 Nbd7 6. Nxg4 Nxg4 7. h3 Ngf6 8.
e3 e5 9. dxe5 Nxe5 10. cxd5 Bb4+ 11. Bd2 Bxd2+ 12. Nxd2 Qxd5 13. a3 Rd8 14.
O-O-O O-O 15. Nc4 Qxd1+ 16. Qxd1 Rxd1+ 17. Kxd1 Rd8+ 18. Kc2 Nxc4 19. Bxc4 Kf8
20. Re1 Ke7 21. b4 c5 22. f3 Rc8 23. Kb3 Nd7 24. Rd1 Nb6 25. Be2 c4+ 26. Kc2 f5
27. Rd4 Ke6 28. g4 g6 29. gxf5+ gxf5 30. Rh4 Rc7 31. Rh6+ Kd5 32. f4 c3 33. Kd3
1-0

[Event "Prva liga Centralne Srbije 2007"]
[Site "?"]
[Date "2007.09.08"]
[Round "1.1"]
[White "Milosavljevic, Milisav"]
[Black "Irizanin, Radoje"]
[Result "1-0"]
[WhiteElo "2199"]
[BlackElo "2325"]
[PlyCount "95"]
[EventDate "2007.09.13"]

1. Nf3 c5 2. c4 Nc6 3. d4 cxd4 4. Nxd4 Nf6 5. Nc3 g6 6. e4 Nxd4 7. Qxd4 d6 8.
Be2 Bg7 9. Be3 O-O 10. Qd2 Be6 11. O-O Qa5 12. Rac1 Rfc8 13. b3 a6 14. f3 Nd7
15. Rfd1 b5 16. Nd5 Qxd2 17. Bxd2 Bxd5 18. cxd5 Bb2 19. Rxc8+ Rxc8 20. a4 bxa4
21. bxa4 Nc5 22. Kf1 Be5 23. g3 Rb8 24. Be3 Rb4 25. f4 Bc3 26. Bxc5 dxc5 27. e5
Rxa4 28. d6 exd6 29. Rxd6 a5 30. Rd8+ Kg7 31. Rd7 Kf8 32. Rc7 Ra1+ 33. Kg2 a4
34. Bc4 a3 35. Rxf7+ Ke8 36. Rxh7 Rc1 37. Ra7 Bb4 38. Bf7+ Kf8 39. Bxg6 c4 40.
f5 Rc2+ 41. Kf3 a2 42. Kg4 Re2 43. f6 Kg8 44. e6 a1=Q 45. Bf7+ Kh7 46. Rxa1 Bc3
47. Rf1 Rxh2 48. e7 1-0

[Event "Prva liga Centralne Srbije 2007"]
[Site "?"]
[Date "2007.09.08"]
[Round "1.1"]
[White "Colovic, Dusan"]
[Black "Milosavljevic, Zoran"]
[Result "0-1"]
[WhiteElo "2356"]
[BlackElo "2185"]
[PlyCount "152"]
[EventDate "2007.09.13"]

1. d4 d5 2. Bf4 e6 3. e3 c5 4. Nc3 a6 5. Nf3 Nc6 6. Be2 Nf6 7. O-O Be7 8. a3
O-O 9. Ne5 Nd7 10. Bg3 cxd4 11. exd4 Kh8 12. Nf3 b5 13. Bd3 Bf6 14. Ne2 Re8 15.
c3 e5 16. dxe5 Ndxe5 17. Nxe5 Nxe5 18. Bc2 Bg4 19. f3 Be6 20. Bxe5 Bxe5 21. f4
Bf6 22. Qd3 g6 23. f5 Bc8 24. fxg6 fxg6 25. Nd4 Qb6 26. Rad1 Bg4 27. Rc1 Bg5
28. Rce1 Bf5 29. Qg3 Bf6 30. Bxf5 Bxd4+ 31. cxd4 Qxd4+ 32. Kh1 Rxe1 33. Rxe1
gxf5 34. b4 f4 35. Qf3 Rd8 36. h3 Qf6 37. Rf1 d4 38. Qxf4 Qxf4 39. Rxf4 d3 40.
Rf1 Rc8 41. Rd1 Rc3 42. Kg1 Rxa3 43. Kf2 Rb3 44. Ra1 Rxb4 45. Rxa6 Rb2+ 46. Kf3
d2 47. Rd6 Kg7 48. Ke3 d1=Q 49. Rxd1 Rxg2 50. Kf4 Rf2+ 51. Kg4 Rf7 52. Rb1 Rb7
53. Kf5 b4 54. Rb3 Kh6 55. Kg4 Kg6 56. h4 Rb5 57. Kf4 Kf6 58. Ke4 Rh5 59. Rh3
Re5+ 60. Kf4 Rc5 61. Ke4 Rc4+ 62. Kd5 Rc3 63. Rh1 b3 64. Kd4 Rf3 65. Ke4 Rf2
66. Ke3 Rg2 67. Kd3 b2 68. h5 h6 69. Kc3 Kg5 70. Kb3 Rh2 71. Rg1+ Kxh5 72. Kc3
Kh4 73. Kd3 h5 74. Ke3 Rc2 75. Rh1+ Kg3 76. Rg1+ Rg2 0-1

[Event "Prva liga Centralne Srbije 2007"]
[Site "?"]
[Date "2007.09.08"]
[Round "1.1"]
[White "Ikic, Alija"]
[Black "Radivojevic, Miladin"]
[Result "1-0"]
[WhiteElo "2137"]
[BlackElo "2182"]
[PlyCount "129"]
[EventDate "2007.09.13"]

1. Nf3 Nf6 2. c4 g6 3. Nc3 Bg7 4. d4 d6 5. e4 O-O 6. Be2 c5 7. d5 e5 8. O-O Ne8
9. Bg5 f6 10. Bh4 h5 11. h3 g5 12. Bg3 h4 13. Bh2 Bh6 14. Ne1 Ng7 15. Bg4 Nd7
16. f3 a6 17. Nd3 Rb8 18. a4 b6 19. Kh1 Qe8 20. Bg1 Rf7 21. b4 Nf8 22. a5 cxb4
23. Nxb4 bxa5 24. Nc6 Ra8 25. Rxa5 Bd7 26. Qa4 f5 27. exf5 Bxf5 28. Rxa6 Rxa6
29. Qxa6 Bxg4 30. hxg4 Qd7 31. Nxe5 dxe5 32. Qxh6 h3 33. Ne4 Qa4 34. Nf6+ Rxf6
35. Qxf6 Qxc4 36. Rf2 hxg2+ 37. Kxg2 Qxd5 38. Qxg5 Nfe6 39. Qd2 Nf4+ 40. Kg3
Nd3 41. Qa2 Qxa2 42. Rxa2 Kf7 43. Be3 Ke6 44. Ra3 Nb4 45. Ra8 Kf7 46. Kh4 Kg6
47. Ra5 Kf6 48. Rb5 Nd3 49. Rb6+ Ne6 50. g5+ Kf5 51. g6 Ne1 52. Kg3 Ng7 53. Bh6
Nh5+ 54. Kf2 Nd3+ 55. Ke3 Ndf4 56. Bxf4 exf4+ 57. Kd3 Ng7 58. Ke2 Kg5 59. Kd3
Kf5 60. Ra6 Nh5 61. Ra5+ Kxg6 62. Ke4 Nf6+ 63. Kxf4 Ne8 64. Ra6+ Kf7 65. Ke5
1-0

[Event "Prva liga Centralne Srbije 2007"]
[Site "?"]
[Date "2007.09.09"]
[Round "1.2"]
[White "Misailovic, Nebojsa"]
[Black "Misojcic, Miroslav"]
[Result "1-0"]
[WhiteElo "2318"]
[BlackElo "2244"]
[PlyCount "53"]
[EventDate "2007.09.13"]

1. e4 c5 2. Nc3 Nc6 3. g3 g6 4. Bg2 Bg7 5. d3 d6 6. Be3 e5 7. Qd2 Nd4 8. Nd1
Ne7 9. c3 Ne6 10. Bh6 O-O 11. Ne2 f5 12. Bxg7 Kxg7 13. exf5 Nxf5 14. Ne3 Nxe3
15. Qxe3 Qb6 16. O-O-O Bd7 17. h4 Rf6 18. h5 g5 19. h6+ Kh8 20. Bd5 Rg8 21. f4
exf4 22. gxf4 Qd8 23. Rdg1 g4 24. Ng3 Re8 25. f5 Nc7 26. Qg5 Qe7 27. Qg7+ 1-0

[Event "Prva liga Centralne Srbije 2007"]
[Site "?"]
[Date "2007.09.09"]
[Round "1.2"]
[White "Urosevic, Zoran"]
[Black "Milenkovic, Mladen"]
[Result "1-0"]
[WhiteElo "2270"]
[BlackElo "2307"]
[PlyCount "92"]
[EventDate "2007.09.13"]

1. e4 c5 2. Nf3 d6 3. d4 cxd4 4. Qxd4 a6 5. Bg5 Nc6 6. Qd2 h6 7. Be3 Nf6 8. Nc3
Ng4 9. Nd5 Nxe3 10. Qxe3 e6 11. Nb6 Rb8 12. c3 Be7 13. Be2 Qc7 14. O-O Ne5 15.
Nxc8 Rxc8 16. Rfd1 O-O 17. Nd4 Rfd8 18. Kh1 Nc4 19. Bxc4 Qxc4 20. f4 e5 21. Nf5
Bf8 22. Qf3 exf4 23. Qxf4 Re8 24. Ng3 Rc5 25. Rd4 Qe6 26. Qd2 g6 27. Ne2 Bg7
28. Nf4 Qg4 29. h3 Qh4 30. Rb4 Rg5 31. Rf1 b5 32. e5 Bxe5 33. Nxg6 Qg3 34. Nxe5
Rexe5 35. Rbf4 Rg7 36. Qf2 Qxf2 37. R1xf2 d5 38. Kh2 a5 39. a4 Re6 40. Rf5 bxa4
41. Rxd5 Ra6 42. Rd4 a3 43. bxa3 Rc6 44. c4 Rg5 45. Rb2 Rgc5 46. Rb5 Rxc4 1-0

[Event "Prva liga Centralne Srbije 2007"]
[Site "?"]
[Date "2007.09.09"]
[Round "1.2"]
[White "Civric, Zdravko"]
[Black "Pantelic, Sasa"]
[Result "1-0"]
[WhiteElo "2190"]
[BlackElo "2229"]
[PlyCount "67"]
[EventDate "2007.09.13"]

1. e4 c5 2. Nf3 d6 3. d4 cxd4 4. Nxd4 Nf6 5. Nc3 g6 6. Bc4 Bg7 7. f3 O-O 8. Be3
Nc6 9. Qd2 Bd7 10. O-O-O Rb8 11. h4 b5 12. Bb3 Na5 13. h5 Nc4 14. Bxc4 bxc4 15.
Bh6 Qb6 16. Qe3 Bxh6 17. Qxh6 Qxb2+ 18. Kd2 Qb6 19. Ke2 g5 20. e5 dxe5 21.
Qxg5+ Kh8 22. Qxe5 Qd6 23. Qxd6 exd6 24. g4 h6 25. Rb1 a5 26. Rhd1 Rfd8 27.
Ndb5 Bxb5 28. Rxb5 Rxb5 29. Nxb5 d5 30. Ke3 Re8+ 31. Kf4 Rb8 32. a4 Kg7 33. c3
Rb6 34. Nd4 1-0

[Event "Prva liga Centralne Srbije 2007"]
[Site "?"]
[Date "2007.09.09"]
[Round "1.2"]
[White "Misic, Dragan"]
[Black "Minic, Miroslav"]
[Result "0-1"]
[WhiteElo "2222"]
[BlackElo "2086"]
[PlyCount "70"]
[EventDate "2007.09.13"]

1. d4 d6 2. Nf3 f5 3. Nc3 Nf6 4. Bg5 e6 5. e4 fxe4 6. Nxe4 Be7 7. Ng3 Nc6 8.
Bc4 h6 9. Be3 Ng4 10. Ng5 hxg5 11. Qxg4 Rh4 12. Qe2 d5 13. Bd3 Qd6 14. Bg6+ Kd8
15. Qf3 Bf6 16. O-O-O Ne7 17. Bd3 e5 18. Qe2 exd4 19. Bd2 c5 20. Rhf1 c4 21.
Bxc4 dxc4 22. Qxc4 Qd5 23. Qb4 Bd7 24. Qa3 a5 25. f3 b5 26. Bxa5+ Kc8 27. Ne4
Rxe4 28. fxe4 Qxe4 29. c3 Nc6 30. cxd4 Qe8 31. Qc5 Rxa5 32. d5 b4 33. Qc2 Qe5
34. Qd2 Kb8 35. Kb1 Nd4 0-1

[Event "Prva liga Centralne Srbije 2007"]
[Site "?"]
[Date "2007.09.09"]
[Round "1.3"]
[White "Ristic, Nenad"]
[Black "Savicevic, Vlatko"]
[Result "1/2-1/2"]
[WhiteElo "2435"]
[BlackElo "2326"]
[PlyCount "118"]
[EventDate "2007.09.13"]

1. e4 d6 2. d4 Nf6 3. Nc3 g6 4. Be3 c6 5. Qd2 b5 6. Bd3 Nbd7 7. h3 Bb7 8. Nf3
Qc7 9. O-O Bg7 10. Ne2 O-O 11. Bh6 c5 12. Bxg7 Kxg7 13. Bxb5 Nxe4 14. Qe3 cxd4
15. Nfxd4 e5 16. Nb3 Nef6 17. Rfd1 d5 18. Ng3 h6 19. c3 a6 20. Be2 a5 21. h4 a4
22. Nc1 a3 23. b3 Rac8 24. c4 d4 25. Qd2 Nc5 26. Qe1 e4 27. b4 Ne6 28. c5 Qf4
29. h5 Rfd8 30. hxg6 fxg6 31. Bc4 Ng5 32. Nce2 Qe5 33. Rac1 h5 34. f4 exf3 35.
Nxd4 Qxe1+ 36. Rxe1 Rxd4 37. Re7+ Kh6 38. Rxb7 Rd2 39. Bf1 h4 40. Nh1 Ng4 41.
Rc4 Kh5 42. Re7 fxg2 43. Be2 gxh1=Q+ 44. Kxh1 Rxe2 45. Rxe2 h3 46. c6 Rd8 47.
Rc1 Ne4 48. Rxe4 Nf2+ 49. Kh2 Nxe4 50. c7 Rc8 51. b5 Nd6 52. b6 Kg4 53. Rc3 Kf5
54. Rxa3 Ke6 55. Rg3 Kd7 56. Rxg6 Ra8 57. Kxh3 Nc4 58. a4 Nxb6 59. Rxb6 Rxa4
1/2-1/2

[Event "Prva liga Centralne Srbije 2007"]
[Site "?"]
[Date "2007.09.09"]
[Round "1.3"]
[White "Djoric, Dusan"]
[Black "Pavlovic, Nebojsa"]
[Result "1/2-1/2"]
[WhiteElo "2308"]
[BlackElo "2337"]
[PlyCount "124"]
[EventDate "2007.09.13"]

1. e4 c5 2. Nf3 Nc6 3. c3 Nf6 4. e5 Nd5 5. Bc4 e6 6. O-O d6 7. d4 cxd4 8. cxd4
Be7 9. Nbd2 O-O 10. Ne4 dxe5 11. dxe5 Qc7 12. Bxd5 Rd8 13. Qc2 exd5 14. Neg5 g6
15. Bf4 Bf5 16. Qe2 Qd7 17. Rfe1 Re8 18. Qe3 Bb4 19. Red1 f6 20. Qb3 fxg5 21.
Rxd5 Qe7 22. Nxg5 Be6 23. Nxe6 Qxe6 24. Rad1 a5 25. a3 a4 26. Qd3 Bf8 27. Bg3
Rad8 28. Qb5 Rxd5 29. Rxd5 Ra8 30. Qd3 Be7 31. h3 Rd8 32. Rxd8+ Bxd8 33. Kh2
Be7 34. f4 Kf7 35. Be1 Ke8 36. Bc3 h5 37. Qe4 b5 38. g4 hxg4 39. hxg4 Bc5 40.
f5 gxf5 41. gxf5 Qh6+ 42. Kg3 Qg5+ 43. Kf3 Qh5+ 44. Kg3 Nd8 45. e6 Bd6+ 46. Be5
Qd1 47. Bxd6 Qxd6+ 48. Kg4 Ke7 49. Qe3 Ke8 50. Qc3 Qd1+ 51. Kf4 Qd6+ 52. Ke4
Nxe6 53. fxe6 Qxe6+ 54. Kf4 Kd7 55. Qd4+ Qd6+ 56. Ke4 Qxd4+ 57. Kxd4 Kd6 58.
Kd3 Kd5 59. Kc3 Kc5 60. b3 axb3 61. Kxb3 Kc6 62. Kb4 Kb6 1/2-1/2

[Event "Prva liga Centralne Srbije 2007"]
[Site "?"]
[Date "2007.09.09"]
[Round "1.3"]
[White "Adzic, Momcilo"]
[Black "Stankovic, Dragan P"]
[Result "0-1"]
[WhiteElo "2248"]
[BlackElo "2315"]
[PlyCount "72"]
[EventDate "2007.09.13"]

1. e4 c5 2. Nf3 e6 3. Nc3 Nc6 4. d4 cxd4 5. Nxd4 Nf6 6. a3 d6 7. Be2 Be7 8. Be3
O-O 9. O-O Bd7 10. f4 Nxd4 11. Qxd4 Bc6 12. Bf3 Qc7 13. Kh1 Rfd8 14. f5 b5 15.
fxe6 fxe6 16. Qd3 Rab8 17. Bd4 a5 18. a4 bxa4 19. Qc4 Qc8 20. Qa2 Rb4 21. e5
dxe5 22. Bxe5 Bxf3 23. gxf3 Rd2 24. Rae1 Rxc2 25. Bxf6 Bxf6 26. Rxe6 Qc4 27.
Qxc4 Rxc4 28. Nd5 Rh4 29. Nxf6+ Kf7 30. Rfe1 Rhxh2+ 31. Kg1 Rcg2+ 32. Kf1 Rxb2
33. Kg1 gxf6 34. Ra6 a3 35. Rxa5 a2 36. f4 Rhe2 0-1

[Event "Prva liga Centralne Srbije 2007"]
[Site "?"]
[Date "2007.09.09"]
[Round "1.3"]
[White "Milosevic, Slavisa"]
[Black "Semenov, Aleksandar"]
[Result "1-0"]
[WhiteElo "2272"]
[BlackElo "2264"]
[PlyCount "47"]
[EventDate "2007.09.13"]

1. e4 e5 2. Nf3 Nc6 3. c3 d5 4. Qa4 Bd7 5. exd5 Nd4 6. Qd1 Nxf3+ 7. Qxf3 Nf6 8.
d3 Bg4 9. Qg3 Qxd5 10. Bg5 Bf5 11. Nd2 O-O-O 12. Nc4 Bc5 13. Rd1 Ne4 14. Qf3
Nxf2 15. Qxf5+ Rd7 16. Be2 Qxg2 17. Bf3 Qh3 18. Qxh3 Nxh3 19. Bh4 f5 20. Nxe5
Re8 21. d4 Bd6 22. Bg3 Rde7 23. Bg2 Ng5 24. O-O 1-0

[Event "Prva liga Centralne Srbije 2007"]
[Site "?"]
[Date "2007.09.09"]
[Round "1.3"]
[White "Draskovic, Dragan"]
[Black "Jokovic, Dragan"]
[Result "1/2-1/2"]
[WhiteElo "2154"]
[BlackElo "2164"]
[PlyCount "90"]
[EventDate "2007.09.13"]

1. d4 d5 2. c4 c6 3. Nc3 Nf6 4. e3 a6 5. Qc2 e6 6. a3 Be7 7. Nf3 Nbd7 8. Bd3 h6
9. O-O O-O 10. b3 b5 11. Bb2 Bb7 12. c5 a5 13. b4 axb4 14. axb4 Qc7 15. Ne2
Rxa1 16. Rxa1 Ra8 17. h3 Nf8 18. Ne5 N6d7 19. f4 f6 20. Nf3 f5 21. g4 g6 22.
Kf2 Rxa1 23. Bxa1 Nf6 24. Ne5 Ne4+ 25. Bxe4 fxe4 26. Bc3 Qc8 27. Qa2 Bh4+ 28.
Kg2 Bf6 29. Ng3 Qa8 30. Qxa8 Bxa8 31. Be1 Bb7 32. Ne2 Bxe5 33. fxe5 Bc8 34. Nc1
Bd7 35. Nb3 Kf7 36. Na5 Nh7 37. h4 Ke7 38. Nb7 Bc8 39. Nd6 Bd7 40. Bg3 g5 41.
hxg5 hxg5 42. Be1 Nf8 43. Kh3 Ng6 44. Bf2 Kf8 45. Nb7 Ne7 1/2-1/2

[Event "Prva liga Centralne Srbije 2007"]
[Site "?"]
[Date "2007.09.09"]
[Round "1.4"]
[White "Stojanovic, Dalibor"]
[Black "Markovic, Zoran S"]
[Result "1/2-1/2"]
[WhiteElo "2503"]
[BlackElo "2379"]
[PlyCount "52"]
[EventDate "2007.09.13"]

1. e4 c5 2. Nf3 Nc6 3. Bb5 Nf6 4. Nc3 g6 5. h3 Bg7 6. e5 Ng8 7. Bxc6 dxc6 8. d3
Nh6 9. g4 f5 10. exf6 exf6 11. Qe2+ Qe7 12. Qxe7+ Kxe7 13. Be3 b6 14. O-O-O Re8
15. Rhe1 Kf8 16. d4 Nxg4 17. hxg4 Bxg4 18. Nd2 Bxd1 19. Rxd1 cxd4 20. Bxd4 Rad8
21. Be3 f5 22. Rh1 Bxc3 23. bxc3 Kg8 24. Nf3 Rd7 25. Rh4 c5 26. Nd2 Kg7 1/2-1/2

[Event "Prva liga Centralne Srbije 2007"]
[Site "?"]
[Date "2007.09.09"]
[Round "1.4"]
[White "Organdziev, Oliver"]
[Black "Miljkovic, Miroslav"]
[Result "0-1"]
[WhiteElo "2258"]
[BlackElo "2405"]
[PlyCount "120"]
[EventDate "2007.09.13"]

1. e4 c5 2. Nf3 Nc6 3. Bb5 g6 4. O-O Bg7 5. Re1 Nf6 6. Nc3 O-O 7. e5 Ne8 8.
Bxc6 dxc6 9. d3 Bg4 10. h3 Bxf3 11. Qxf3 Nc7 12. Be3 Ne6 13. Qe4 Qc7 14. f4
Rad8 15. Qf3 f6 16. Qg4 Qd7 17. exf6 exf6 18. f5 Nd4 19. Bxd4 gxf5 20. Qf4
Qxd4+ 21. Qxd4 cxd4 22. Ne2 Bh6 23. g3 Rfe8 24. Nf4 Kf7 25. Kg2 Re5 26. Rf1
Rde8 27. Rf2 Bxf4 28. Rxf4 Re2+ 29. Rf2 f4 30. gxf4 Rg8+ 31. Kf1 Re3 32. Re1
Rxh3 33. Re4 c5 34. b4 b6 35. bxc5 bxc5 36. f5 Rh1+ 37. Ke2 Rgg1 38. Kf3 Rh3+
39. Ke2 Rc1 40. Kd2 Rhh1 41. Rh4 Rxc2+ 42. Kxc2 Rxh4 43. Kb3 Rh3 44. Kc4 h5 45.
Rd2 Kg7 46. Rg2+ Kh7 47. Rg6 Rf3 48. Rxf6 h4 49. Rf7+ Kh6 50. f6 h3 51. Rf8 Kh7
52. Rf7+ Kg6 53. Rf8 Rxf6 54. Rh8 Rf3 55. Kxc5 Rxd3 56. Kc4 Ra3 57. Kxd4 Kf5
58. Rf8+ Kg4 59. Kc4 Kg3 60. Rg8+ Kf2 0-1

[Event "Prva liga Centralne Srbije 2007"]
[Site "?"]
[Date "2007.09.09"]
[Round "1.4"]
[White "Perunovic, Miodrag"]
[Black "Panic, Nenad"]
[Result "1-0"]
[WhiteElo "2368"]
[BlackElo "2361"]
[PlyCount "55"]
[EventDate "2007.09.13"]

1. d4 Nf6 2. Nf3 b6 3. e3 Bb7 4. Bd3 e6 5. O-O c5 6. c4 Be7 7. Nc3 cxd4 8. exd4
d6 9. Re1 O-O 10. Ng5 Nbd7 11. Re3 g6 12. Rg3 Re8 13. h4 Nf8 14. h5 Rc8 15.
hxg6 hxg6 16. Qc2 Nh5 17. Nxf7 Qd7 18. Nh6+ Kg7 19. Rxg6+ Nxg6 20. Bxg6 Nf6 21.
Bf7 Rh8 22. Qg6+ Kf8 23. Bg5 Rxc4 24. Re1 Rxc3 25. Bxf6 Bxf6 26. Qxf6 Rxh6 27.
Qxh6+ Kxf7 28. bxc3 1-0

[Event "Prva liga Centralne Srbije 2007"]
[Site "?"]
[Date "2007.09.09"]
[Round "1.4"]
[White "Jovic, Stanoje"]
[Black "Maksimovic, Branimir"]
[Result "1/2-1/2"]
[WhiteElo "2295"]
[BlackElo "2362"]
[PlyCount "120"]
[EventDate "2007.09.13"]

1. c4 e6 2. Nf3 Nf6 3. a3 d5 4. e3 c5 5. cxd5 exd5 6. Bb5+ Nc6 7. d4 Bd6 8.
dxc5 Bxc5 9. b4 Bd6 10. O-O O-O 11. Bb2 Bg4 12. Be2 Qe7 13. b5 Ne5 14. Nxe5
Bxe5 15. Bxe5 Qxe5 16. Nd2 Bxe2 17. Qxe2 Rac8 18. Nf3 Qd6 19. Nd4 g6 20. Rfd1
h5 21. h3 Ne4 22. Qb2 Rc4 23. Ne2 Rfc8 24. Rac1 Qf6 25. Qxf6 Nxf6 26. Rxc4 Rxc4
27. Nf4 Rc5 28. a4 Kf8 29. h4 Ke7 30. f3 Rc4 31. Nxd5+ Nxd5 32. Rxd5 Rxa4 33.
Kf2 Rxh4 34. e4 Rh1 35. b6 axb6 36. Rb5 Rd1 37. Rxb6 Rd7 38. e5 Kd8 39. e6 fxe6
40. Rxe6 Rg7 41. Kg3 Kd7 42. Rf6 g5 43. Rh6 h4+ 44. Kg4 Kc7 45. Kf5 b5 46. Ke4
Re7+ 47. Kd4 Re2 48. f4 Rxg2 49. fxg5 Rg4+ 50. Kc5 Rxg5+ 51. Kb4 Rg4+ 52. Kxb5
Kd7 53. Kc5 Ke7 54. Kd5 Kf7 55. Ke5 Kg7 56. Kf5 Ra4 57. Rg6+ Kh7 58. Rg4 Ra5+
59. Kf4 Rh5 60. Kf3 h3 1/2-1/2

[Event "Prva liga Centralne Srbije 2007"]
[Site "?"]
[Date "2007.09.09"]
[Round "1.4"]
[White "Miljkovic, Mihajlo"]
[Black "Zivkovic, Momcilo"]
[Result "1/2-1/2"]
[WhiteElo "2260"]
[BlackElo "2147"]
[PlyCount "50"]
[EventDate "2007.09.13"]

1. d4 d5 2. c4 c6 3. Nf3 Nf6 4. cxd5 cxd5 5. Nc3 Nc6 6. Bf4 Nh5 7. Bg3 Nxg3 8.
hxg3 e6 9. e3 Be7 10. Bd3 h6 11. Rc1 Bd7 12. O-O a6 13. Na4 Nb4 14. Bb1 Rc8 15.
Rxc8 Bxc8 16. a3 Nc6 17. b4 O-O 18. Qd3 g6 19. Rc1 Bf6 20. Nc5 Qd6 21. e4 dxe4
22. Nxe4 Qe7 23. Nxf6+ Qxf6 24. Qe3 Qg7 25. Ne5 Rd8 1/2-1/2

[Event "Prva liga Centralne Srbije 2007"]
[Site "?"]
[Date "2007.09.09"]
[Round "1.5"]
[White "Ilincic, Zlatko"]
[Black "Mitrovic, Petar"]
[Result "1-0"]
[WhiteElo "2509"]
[BlackElo "2374"]
[PlyCount "101"]
[EventDate "2007.09.13"]

1. d4 Nf6 2. c4 e6 3. Nf3 Bb4+ 4. Nbd2 d5 5. Qa4+ Nc6 6. a3 Be7 7. e3 O-O 8.
Qc2 a5 9. b3 Na7 10. Bd3 b6 11. O-O Bb7 12. Bb2 c5 13. dxc5 bxc5 14. cxd5 exd5
15. Rad1 h6 16. Bxf6 Bxf6 17. Qxc5 Be7 18. Qc1 Qd6 19. a4 Nc6 20. Qb1 Bf6 21.
Bh7+ Kh8 22. Ne4 Qd8 23. Nc5 Rb8 24. Bf5 Ne7 25. Nxb7 Rxb7 26. Bd3 Qb6 27. Bb5
Rc8 28. b4 Rbc7 29. h3 g6 30. bxa5 Qxa5 31. Nd4 Kg7 32. Rd3 Rb8 33. Qd1 Rbc8
34. Ne2 Rc5 35. Nf4 Qa8 36. Qg4 Kf8 37. Qf3 Kg7 38. Rfd1 Rd8 39. Qg4 Kf8 40. e4
d4 41. Ne2 Nc6 42. Bxc6 Rxc6 43. f4 Qxa4 44. e5 Be7 45. Kh2 Rc4 46. Qf3 Bc5 47.
f5 Qa8 48. fxg6 Qxf3 49. Rxf3 Ke7 50. Rxf7+ Ke6 51. Nf4+ 1-0

[Event "Prva liga Centralne Srbije 2007"]
[Site "?"]
[Date "2007.09.09"]
[Round "1.5"]
[White "Milunovic, Toni"]
[Black "Pap, Misa"]
[Result "0-1"]
[WhiteElo "2317"]
[BlackElo "2493"]
[PlyCount "130"]
[EventDate "2007.09.13"]

1. c4 c5 2. g3 g6 3. Bg2 Bg7 4. e3 Nc6 5. Nc3 Nh6 6. Nge2 Nf5 7. d3 a6 8. Rb1
b5 9. O-O Rb8 10. b3 h5 11. h3 O-O 12. Bb2 bxc4 13. dxc4 Bb7 14. Ne4 Bxb2 15.
Rxb2 d6 16. Qa1 a5 17. Rd2 Qc8 18. N2c3 Ng7 19. Nd5 Qd8 20. f4 Nb4 21. g4 Nxd5
22. cxd5 Bc8 23. Bf3 f5 24. gxf5 Bxf5 25. Rg2 a4 26. Nd2 axb3 27. axb3 Bxh3 28.
Rxg6 Rf6 29. Rxf6 exf6 30. Re1 f5 31. Bg2 Ra8 32. Qb2 Qh4 33. Re2 Bg4 34. Rf2
Qe7 35. e4 fxe4 36. Nxe4 Rf8 37. Qc3 Nf5 38. b4 cxb4 39. Qxb4 Qa7 40. Qd2 Qa1+
41. Kh2 Rb8 42. Qc3 Qxc3 43. Nxc3 Kf7 44. Ne4 Rb6 45. Ra2 Ne3 46. Ra3 Nxg2 47.
Kxg2 Kg6 48. Kg3 Kf5 49. Re3 h4+ 50. Kxh4 Kxf4 51. Rg3 Kxe4 52. Rxg4+ Kxd5 53.
Kg3 Rb8 54. Kf3 Re8 55. Rg1 Kc4 56. Rc1+ Kb3 57. Rc6 d5 58. Rb6+ Kc3 59. Rc6+
Kd3 60. Kf2 d4 61. Ra6 Kc2 62. Rc6+ Kd2 63. Kf3 d3 64. Ra6 Rf8+ 65. Ke4 Ke2 0-1

[Event "Prva liga Centralne Srbije 2007"]
[Site "?"]
[Date "2007.09.09"]
[Round "1.5"]
[White "Nikolic, Zivoslav"]
[Black "Dmitrovic, Tomislav"]
[Result "1/2-1/2"]
[WhiteElo "2417"]
[BlackElo "2266"]
[PlyCount "31"]
[EventDate "2007.09.13"]

1. c4 c6 2. Nf3 Nf6 3. b3 d5 4. Bb2 Bg4 5. e3 Nbd7 6. Be2 e6 7. O-O Bxf3 8.
Bxf3 Bd6 9. d4 O-O 10. Nc3 Re8 11. g3 Qe7 12. a3 Rad8 13. Qc2 dxc4 14. bxc4 e5
15. Bg2 h5 16. Qb3 1/2-1/2

[Event "Prva liga Centralne Srbije 2007"]
[Site "?"]
[Date "2007.09.09"]
[Round "1.5"]
[White "Tosic, Nebojsa"]
[Black "Jovanovic, Bojan"]
[Result "1/2-1/2"]
[WhiteElo "2227"]
[BlackElo "2304"]
[PlyCount "40"]
[EventDate "2007.09.13"]

1. e4 c5 2. Nf3 d6 3. d4 cxd4 4. Nxd4 Nf6 5. Nc3 e6 6. g4 Nc6 7. g5 Nd7 8. Be3
Nb6 9. Rg1 d5 10. exd5 Nxd5 11. Nxd5 exd5 12. Bb5 Bd7 13. Qe2 Be7 14. O-O-O O-O
15. Kb1 Re8 16. Ba4 Bc5 17. Qf3 Bxd4 18. Bxd4 Nxd4 19. Rxd4 Bxa4 20. Rxa4 Re5
1/2-1/2

[Event "Prva liga Centralne Srbije 2007"]
[Site "?"]
[Date "2007.09.09"]
[Round "1.5"]
[White "Jovanovic, Drasko"]
[Black "Rajkovic, Ljubomir"]
[Result "1-0"]
[WhiteElo "2250"]
[BlackElo "2208"]
[PlyCount "81"]
[EventDate "2007.09.13"]

1. d4 Nf6 2. Nf3 g6 3. c4 Bg7 4. Nc3 O-O 5. e4 d6 6. Be2 e5 7. d5 a5 8. h3 Nh5
9. g4 Nf4 10. Bxf4 exf4 11. Qd2 f5 12. exf5 gxf5 13. g5 Na6 14. O-O-O Nc5 15.
Bd3 Re8 16. Rhe1 Bd7 17. Bc2 a4 18. h4 Rxe1 19. Rxe1 Qf8 20. h5 Re8 21. h6 Be5
22. Rg1 Qf7 23. Ne2 Ne4 24. Qe1 b5 25. Nxe5 dxe5 26. f3 Nd6 27. c5 Nc4 28. c6
Bc8 29. Qc3 Qxd5 30. Nxf4 Qc5 31. Re1 b4 32. Qd3 b3 33. axb3 axb3 34. Bxb3 Ba6
35. Qd5+ Qxd5 36. Nxd5 Rb8 37. Bxc4 Bxc4 38. Rxe5 Rd8 39. Nxc7 Bb3 40. Re8+
Rxe8 41. Nxe8 1-0

[Event "Prva liga Centralne Srbije 2007"]
[Site "?"]
[Date "2007.09.09"]
[Round "1.5"]
[White "Rajkovic, Aleksandar"]
[Black "Stankovic, Bozidar"]
[Result "0-1"]
[WhiteElo "2148"]
[BlackElo "2198"]
[PlyCount "62"]
[EventDate "2007.09.13"]

1. e4 e5 2. Nf3 Nc6 3. Nc3 Nf6 4. Bb5 Bb4 5. O-O O-O 6. d3 d6 7. Bg5 Bxc3 8.
bxc3 Ne7 9. Bxf6 gxf6 10. Nh4 Ng6 11. Nf5 Bxf5 12. exf5 Ne7 13. d4 Kh8 14. Qh5
Nd5 15. Rae1 Nf4 16. Qf3 c6 17. Bc4 Rg8 18. g3 d5 19. Be2 Nh3+ 20. Kh1 Qd7 21.
Qh5 Ng5 22. h4 Ne4 23. Bd3 Nd2 24. Rg1 e4 25. Be2 Rae8 26. Qh6 Qxf5 27. g4 Qxf2
28. Qxd2 Qxh4+ 29. Kg2 e3 30. Qd3 Rxg4+ 31. Bxg4 Qxg4+ 0-1

[Event "Prva liga Centralne Srbije 2007"]
[Site "?"]
[Date "2007.09.09"]
[Round "1.6"]
[White "Petkov, Vladimir"]
[Black "Trifunovic, Miroljub"]
[Result "0-1"]
[WhiteElo "2520"]
[BlackElo "2270"]
[PlyCount "58"]
[EventDate "2007.09.13"]

1. d4 d5 2. c4 e6 3. Nc3 Be7 4. Bf4 Nf6 5. cxd5 Nxd5 6. Bg3 O-O 7. e3 c5 8. Bd3
Nc6 9. Nf3 cxd4 10. exd4 Bf6 11. O-O Ndb4 12. Be4 Nxd4 13. Nxd4 Bxd4 14. Nb5 e5
15. Nxd4 exd4 16. Qf3 Qb6 17. Rac1 f5 18. Bb1 Be6 19. Bc7 Qb5 20. Rfe1 Bxa2 21.
Re5 Qd7 22. Bxf5 Qf7 23. Qxb7 a5 24. Qf3 g6 25. Be4 Rac8 26. Rec5 Na6 27. Qg3
Nxc5 28. Rxc5 Qe7 29. Qa3 Bf7 0-1

[Event "Prva liga Centralne Srbije 2007"]
[Site "?"]
[Date "2007.09.09"]
[Round "1.6"]
[White "Cvetkovic, Nemanja"]
[Black "Nikolic, Boban"]
[Result "1-0"]
[WhiteElo "2276"]
[BlackElo "2224"]
[PlyCount "55"]
[EventDate "2007.09.13"]

1. d4 d6 2. Nf3 g6 3. c4 f5 4. Nc3 Nf6 5. Bg5 Bg7 6. e3 O-O 7. Bd3 Nc6 8. d5
Nb4 9. Be2 c5 10. Nd2 h6 11. Bh4 g5 12. Bg3 Qe8 13. a3 Na6 14. Qc2 Bd7 15. h4
Nh5 16. hxg5 Nxg3 17. fxg3 Qg6 18. Rh5 hxg5 19. O-O-O b5 20. cxb5 Nc7 21. Rdh1
Rfb8 22. g4 a6 23. Bd3 Nxb5 24. Bxf5 Bxf5 25. gxf5 Qf6 26. Nde4 Qe5 27. Rxg5
Nxc3 28. bxc3 1-0